| 000 | 00000nam 2200000za 4500 |
| 001 | 9.846643 |
| 003 | CaOODSP |
| 005 | 20221107153243 |
| 007 | cr ||||||||||| |
| 008 | 171106s1953 oncd os f000 0 eng d |
| 040 | |aCaOODSP|beng |
| 043 | |an-cn--- |
| 086 | 1 |aCS62-506/1953E-PDF |
| 245 | 00|aNon-residential building materials price index, 1935-1952 |h[electronic resource] / |cLabour and Prices Division, Prices Section. |
| 260 | |aOttawa : |bEdmond Cloutier, Queen's Printer, |c1953. |
| 300 | |a19 p. : |bcharts |
| 490 | 1 |aD.B.S. reference paper ; |vno. 43 |
| 500 | |aCover title. |
| 500 | |a"August, 1953." |
| 500 | |aDigitized edition from print [produced by Statistics Canada]. |
| 520 | |a“This publication introduces a second special purpose wholesale price index related to the construction industry, titled "Non-Residential Building Materials Price Index." It replaces a series known as the General Building Materials Price Index, and supplements a residential index which has been available for some years. It has been constructed specifically to measure the price change of materials used in non-residential building construction”--Preface, p. [3]. |
| 530 | |aIssued also in print format. |
| 692 | 07|2gccst|aConstruction materials |
| 692 | 07|2gccst|aPrices |
| 692 | 07|2gccst|aStatistics |
| 692 | 07|2gccst|aPrice indexes |
| 710 | 1 |aCanada. |bDominion Bureau of Statistics. |bPrices Section. |
| 830 | #0|aD.B.S. reference papers ;|vno. 43|w(CaOODSP)9.812168 |
| 856 | 40|qPDF|s3.76 MB|uhttps://publications.gc.ca/collections/collection_2017/statcan/CS62-506-1953-eng.pdf |
| 986 | |a62-506 |